| 000 | 00557nam a2200217Ia 4500 | ||
|---|---|---|---|
| 003 | OSt | ||
| 005 | 20220924150526.0 | ||
| 006 | a|||||r|||| 00| 0 | ||
| 007 | ta | ||
| 008 | 220923b |||||||| |||| 00| 0 ara d | ||
| 024 | _a333529 | ||
| 037 | _cTextual | ||
| 040 |
_aARTS _cARTS _bara |
||
| 041 |
_2ara _aara |
||
| 082 | _ak46,M, 28J3 | ||
| 100 |
_aTaimoor L. Mohammad Au. _9222324 |
||
| 245 | 0 | _aAl-tazkirahul Taimuriah | |
| 260 | _c1953 | ||
| 942 |
_hk46,M, 28J3 _cTEXL _2CC |
||
| 999 |
_c463652 _d463652 |
||